| 000 -LEADER |
| fixed length control field |
00746nam a22001457a 4500 |
| 003 - CONTROL NUMBER IDENTIFIER |
| control field |
OSt |
| 005 - DATE AND TIME OF LATEST TRANSACTION |
| control field |
20160321092834.0 |
| 008 - FIXED-LENGTH DATA ELEMENTS--GENERAL INFORMATION |
| fixed length control field |
160321b xxu||||| |||| 00| 0 eng d |
| 040 ## - CATALOGING SOURCE |
| Transcribing agency |
RUA |
| 082 ## - DEWEY DECIMAL CLASSIFICATION NUMBER |
| Classification number |
AGR VA 2009 B470 Or.1 |
| 100 ## - MAIN ENTRY--PERSONAL NAME |
| 9 (RLIN) |
8075 |
| Personal name |
VA SOCHETRA; វ៉ា សុចិត្រា |
| 245 ## - TITLE STATEMENT |
| Title |
Effect of organic mulching on chinese cabbage(brassica chinensis) under dry season condition of royal university of agriculture, ឥទ្ធិពលគំរបសរីរាង្គទៅលើដំណាំស្ពៃតឿក្នុងលក្ខខណ្ឌរដូវប្រាំងនៅសាកលវិទ្យាល័យភូមិន្ទកសិកម្ម |
| 300 ## - PHYSICAL DESCRIPTION |
| Extent |
xi,45p. |
| Other physical details |
ill. |
| Dimensions |
29cm. |
| 942 ## - ADDED ENTRY ELEMENTS (KOHA) |
| Source of classification or shelving scheme |
|
| Koha item type |
AGR |